[Event "Team Championship Russia (Rapid, Men)"]
[Site "Sochi"]
[Date "2018.10.08"]
[Round "3.4"]
[White "Antipov, Mikhail Al."]
[Black "Motylev, Alexander"]
[Result "1-0"]
[BlackElo "2687"]
[WhiteElo "2642"]
[LiveChessVersion "1.4.8"]

1. Nf3 {[%clk 0:15:17]} d5 {[%clk 0:15:18]} 2. d4 {[%clk 0:15:26]} Nf6
{[%clk 0:15:26]} 3. c4 {[%clk 0:15:34]} c6 {[%clk 0:15:35]} 4. e3
{[%clk 0:15:43]} Bg4 {[%clk 0:15:43]} 5. h3 {[%clk 0:15:35]} Bf5 {[%clk 0:15:51]}
6. Nc3 {[%clk 0:15:27]} e6 {[%clk 0:15:58]} 7. Nh4 {[%clk 0:13:36]} Be4
{[%clk 0:15:49]} 8. Be2 {[%clk 0:13:45]} Nbd7 {[%clk 0:15:13]} 9. O-O
{[%clk 0:13:42]} h6 {[%clk 0:14:01]} 10. Nxe4 {[%clk 0:13:44]} dxe4
{[%clk 0:13:55]} 11. g3 {[%clk 0:13:53]} Bd6 {[%clk 0:13:38]} 12. b4
{[%clk 0:13:14]} Bxb4 {[%clk 0:12:06]} 13. Rb1 {[%clk 0:13:23]} c5
{[%clk 0:11:55]} 14. dxc5 {[%clk 0:10:14]} Bxc5 {[%clk 0:11:40]} 15. Rxb7
{[%clk 0:10:23]} O-O {[%clk 0:10:15]} 16. Rb5 {[%clk 0:10:00]} a6
{[%clk 0:10:16]} 17. Rb1 {[%clk 0:10:09]} Qc7 {[%clk 0:10:02]} 18. Bb2
{[%clk 0:09:57]} g5 {[%clk 0:06:37]} 19. Ng2 {[%clk 0:10:06]} Ne5
{[%clk 0:06:46]} 20. Qc2 {[%clk 0:09:56]} Rfc8 {[%clk 0:06:10]} 21. Rfd1
{[%clk 0:08:11]} Be7 {[%clk 0:06:18]} 22. Rbc1 {[%clk 0:07:40]} Rab8
{[%clk 0:06:07]} 23. c5 {[%clk 0:06:41]} Nf3+ {[%clk 0:05:31]} 24. Kh1
{[%clk 0:02:30]} Qc6 {[%clk 0:05:31]} 25. Ne1 {[%clk 0:02:19]} Nxe1
{[%clk 0:04:45]} 26. Rxe1 {[%clk 0:02:28]} Nd5 {[%clk 0:03:25]} 27. Be5
{[%clk 0:02:14]} Nb4 {[%clk 0:03:05]} 28. Qc4 {[%clk 0:02:02]} Rb5
{[%clk 0:02:38]} 29. Kh2 {[%clk 0:01:34]} Nd3 {[%clk 0:01:51]} 30. Bxd3
{[%clk 0:01:43]} Rxc5 {[%clk 0:01:55]} 31. Qxe4 {[%clk 0:00:52]} Qxe4
{[%clk 0:01:45]} 32. Rxc5 {[%clk 0:01:01]} Rxc5 {[%clk 0:00:35]} 33. Bxe4
{[%clk 0:00:54]} Rxe5 {[%clk 0:00:44]} 34. Bd3 {[%clk 0:01:03]} Ra5
{[%clk 0:00:51]} 35. Re2 {[%clk 0:01:12]} Ra3 {[%clk 0:00:52]} 36. Bc4
{[%clk 0:01:18]} Bb4 {[%clk 0:00:56]} 37. Rb2 {[%clk 0:01:07]} a5
{[%clk 0:01:04]} 38. Bb3 {[%clk 0:01:13]} Kg7 {[%clk 0:01:02]} 39. Kg2
{[%clk 0:01:10]} Be7 {[%clk 0:00:56]} 40. Rd2 {[%clk 0:01:08]} a4
{[%clk 0:01:01]} 41. Bd1 {[%clk 0:01:08]} Bf6 {[%clk 0:00:43]} 42. Bh5
{[%clk 0:01:00]} Be7 {[%clk 0:00:53]} 43. Bd1 {[%clk 0:00:42]} Kf6
{[%clk 0:00:53]} 44. Kf3 {[%clk 0:00:41]} h5 {[%clk 0:00:41]} 45. Ke4
{[%clk 0:00:42]} h4 {[%clk 0:00:48]} 46. gxh4 {[%clk 0:00:48]} gxh4
{[%clk 0:00:57]} 47. Kd4 {[%clk 0:00:52]} Bd6 {[%clk 0:00:32]} 48. Kc4
{[%clk 0:00:53]} Be5 {[%clk 0:00:20]} 49. Rc2 {[%clk 0:00:56]} Ke7
{[%clk 0:00:30]} 50. Kb4 {[%clk 0:00:38]} Bd6+ {[%clk 0:00:26]} 51. Kb5
{[%clk 0:00:48]} f5 {[%clk 0:00:28]} 52. Re2 {[%clk 0:00:39]} Rc3
{[%clk 0:00:33]} 53. Bxa4 {[%clk 0:00:27]} f4 {[%clk 0:00:40]} 54. Bb3
{[%clk 0:00:14]} fxe3 {[%clk 0:00:49]} 55. fxe3 {[%clk 0:00:17]} Bc5
{[%clk 0:00:43]} 56. e4 {[%clk 0:00:16]} Bd4 {[%clk 0:00:44]} 57. Rh2
{[%clk 0:00:16]} Re3 {[%clk 0:00:49]} 58. Bc2 {[%clk 0:00:20]} Be5
{[%clk 0:00:57]} 59. Rh1 {[%clk 0:00:20]} Re2 {[%clk 0:01:06]} 60. Bb1
{[%clk 0:00:29]} Rb2+ {[%clk 0:00:20]} 61. Kc6 {[%clk 0:00:38]} Rb4
{[%clk 0:00:15]} 62. Rd1 {[%clk 0:00:35]} Bd4 {[%clk 0:00:17]} 63. Bd3
{[%clk 0:00:14]} Rb6+ {[%clk 0:00:13]} 64. Kc7 {[%clk 0:00:23]} Rb2
{[%clk 0:00:22]} 65. Bc4 {[%clk 0:00:23]} e5 {[%clk 0:00:30]} 66. Bd5
{[%clk 0:00:13]} Rc2+ {[%clk 0:00:33]} 67. Kb7 {[%clk 0:00:22]} Rc3
{[%clk 0:00:32]} 68. Rh1 {[%clk 0:00:31]} Kd6 {[%clk 0:00:28]} 69. Ka6
{[%clk 0:00:16]} Kc5 {[%clk 0:00:29]} 70. a4 {[%clk 0:00:19]} Ra3
{[%clk 0:00:32]} 71. Rc1+ {[%clk 0:00:28]} Bc3 {[%clk 0:00:31]} 72. Kb7
{[%clk 0:00:34]} Kd4 {[%clk 0:00:28]} 73. Bc6 {[%clk 0:00:36]} Bd2
{[%clk 0:00:25]} 74. Rh1 {[%clk 0:00:34]} Rb3+ {[%clk 0:00:30]} 75. Kc7
{[%clk 0:00:39]} Kc5 {[%clk 0:00:23]} 76. Rd1 {[%clk 0:00:15]} Rb2
{[%clk 0:00:15]} 77. Kd7 {[%clk 0:00:18]} Kd4 {[%clk 0:00:14]} 78. a5
{[%clk 0:00:22]} Ke3 {[%clk 0:00:12]} 79. Ra1 {[%clk 0:00:19]} Bb4
{[%clk 0:00:12]} 80. a6 {[%clk 0:00:22]} Bc5 {[%clk 0:00:11]} 81. a7
{[%clk 0:00:28]} Rd2+ {[%clk 0:00:15]} 82. Ke6 {[%clk 0:00:20]} Rd6+
{[%clk 0:00:19]} 83. Kxe5 {[%clk 0:00:29]} Rh6 {[%clk 0:00:00]} 1-0

[Event "Team Championship Russia (Rapid, Men)"]
[Site "Sochi"]
[Date "2018.10.08"]
[Round "3.6"]
[White "Lysyj, Igor"]
[Black "Morozevich, Alexander"]
[Result "0-1"]
[BlackElo "2672"]
[WhiteElo "2644"]
[LiveChessVersion "1.4.8"]

1. d4 {[%clk 0:15:17]} Nf6 {[%clk 0:15:19]} 2. c4 {[%clk 0:15:26]} c5
{[%clk 0:15:26]} 3. d5 {[%clk 0:15:34]} g6 {[%clk 0:15:35]} 4. Nc3
{[%clk 0:15:42]} Bg7 {[%clk 0:15:44]} 5. e4 {[%clk 0:15:50]} O-O {[%clk 0:15:53]}
6. Nf3 {[%clk 0:15:56]} d6 {[%clk 0:15:53]} 7. Be2 {[%clk 0:16:02]} e6
{[%clk 0:16:01]} 8. O-O {[%clk 0:16:07]} Re8 {[%clk 0:16:09]} 9. h3
{[%clk 0:16:05]} h6 {[%clk 0:13:56]} 10. Bd3 {[%clk 0:15:42]} Na6
{[%clk 0:13:48]} 11. Re1 {[%clk 0:14:50]} Nc7 {[%clk 0:13:32]} 12. Bf4
{[%clk 0:13:31]} exd5 {[%clk 0:12:56]} 13. cxd5 {[%clk 0:12:25]} b5
{[%clk 0:12:10]} 14. Qd2 {[%clk 0:10:53]} b4 {[%clk 0:10:29]} 15. Nd1
{[%clk 0:10:27]} g5 {[%clk 0:10:30]} 16. Bh2 {[%clk 0:10:35]} a6 {[%clk 0:07:44]}
17. Qc2 {[%clk 0:08:36]} Nb5 {[%clk 0:07:53]} 18. Ne3 {[%clk 0:08:34]} g4
{[%clk 0:06:45]} 19. hxg4 {[%clk 0:06:48]} Nxg4 {[%clk 0:06:54]} 20. Bg3
{[%clk 0:06:41]} Nd4 {[%clk 0:06:38]} 21. Nxd4 {[%clk 0:06:37]} Bxd4
{[%clk 0:06:12]} 22. Nxg4 {[%clk 0:01:18]} Bxg4 {[%clk 0:06:20]} 23. Qd2
{[%clk 0:01:18]} Qf6 {[%clk 0:03:30]} 24. Rab1 {[%clk 0:01:27]} Rad8
{[%clk 0:03:00]} 25. Bf4 {[%clk 0:01:36]} a5 {[%clk 0:02:33]} 26. Bxh6
{[%clk 0:01:35]} Bxf2+ {[%clk 0:02:25]} 27. Qxf2 {[%clk 0:01:43]} Qxh6
{[%clk 0:02:34]} 28. Re3 {[%clk 0:01:40]} Bh5 {[%clk 0:02:19]} 29. Rh3
{[%clk 0:01:43]} Re5 {[%clk 0:02:28]} 30. Rf1 {[%clk 0:01:39]} Qg7
{[%clk 0:02:20]} 31. Rg3 {[%clk 0:00:24]} Bg6 {[%clk 0:02:27]} 32. Qf4
{[%clk 0:00:30]} c4 {[%clk 0:02:00]} 33. Bxc4 {[%clk 0:00:29]} Rxe4
{[%clk 0:02:09]} 34. Qxe4 {[%clk 0:00:32]} Bxe4 {[%clk 0:02:18]} 35. Rxg7+
{[%clk 0:00:40]} Kxg7 {[%clk 0:02:27]} 36. Kf2 {[%clk 0:00:45]} Re8
{[%clk 0:02:05]} 37. Re1 {[%clk 0:00:50]} Re5 {[%clk 0:02:10]} 38. g4
{[%clk 0:00:53]} Kf6 {[%clk 0:01:57]} 39. Rd1 {[%clk 0:00:56]} Kg5
{[%clk 0:01:57]} 40. Kg3 {[%clk 0:01:02]} Bg6 {[%clk 0:01:56]} 41. Rd4
{[%clk 0:00:59]} Re1 {[%clk 0:01:28]} 42. Kf3 {[%clk 0:00:29]} Rc1
{[%clk 0:01:13]} 43. Bb3 {[%clk 0:00:30]} f6 {[%clk 0:00:44]} 44. Rd2
{[%clk 0:00:32]} Rf1+ {[%clk 0:00:44]} 45. Ke3 {[%clk 0:00:41]} Rf4
{[%clk 0:00:46]} 46. Rh2 {[%clk 0:00:47]} Rxg4 {[%clk 0:00:41]} 47. Rh8
{[%clk 0:00:56]} Kf5 {[%clk 0:00:25]} 48. Ra8 {[%clk 0:00:47]} Ke5
{[%clk 0:00:32]} 49. Rxa5 {[%clk 0:00:55]} f5 {[%clk 0:00:38]} 50. Kf3
{[%clk 0:00:42]} Rd4 {[%clk 0:00:31]} 51. Ra7 {[%clk 0:00:49]} Bh5+
{[%clk 0:00:33]} 52. Kf2 {[%clk 0:00:49]} Kf4 {[%clk 0:00:35]} 53. Rd7
{[%clk 0:00:28]} Bf3 {[%clk 0:00:22]} 54. Rxd6 {[%clk 0:00:22]} Rd2+
{[%clk 0:00:31]} 55. Ke1 {[%clk 0:00:27]} Ke3 {[%clk 0:00:40]} 56. Re6+
{[%clk 0:00:26]} Be4 {[%clk 0:00:48]} 57. Rh6 {[%clk 0:00:24]} f4
{[%clk 0:00:36]} 58. d6 {[%clk 0:00:23]} f3 {[%clk 0:00:21]} 59. Rh3
{[%clk 0:00:29]} Rxd6 {[%clk 0:00:23]} 0-1

[Event "Team Championship Russia (Rapid, Men)"]
[Site "Sochi"]
[Date "2018.10.08"]
[Round "3.8"]
[White "Gutenev, Alexander"]
[Black "Indjic, Aleksandar"]
[Result "1/2-1/2"]
[BlackElo "2566"]
[WhiteElo "2463"]
[LiveChessVersion "1.4.8"]

1. e4 {[%clk 0:15:17]} c6 {[%clk 0:15:18]} 2. d4 {[%clk 0:15:26]} d5
{[%clk 0:15:27]} 3. Nd2 {[%clk 0:15:34]} dxe4 {[%clk 0:15:35]} 4. Nxe4
{[%clk 0:15:42]} Nf6 {[%clk 0:15:44]} 5. Nxf6+ {[%clk 0:15:51]} exf6
{[%clk 0:15:52]} 6. c3 {[%clk 0:15:58]} Bd6 {[%clk 0:16:01]} 7. Bd3
{[%clk 0:16:07]} O-O {[%clk 0:16:08]} 8. Qc2 {[%clk 0:16:15]} Re8+
{[%clk 0:16:16]} 9. Ne2 {[%clk 0:16:24]} h5 {[%clk 0:16:24]} 10. Be3
{[%clk 0:16:32]} Nd7 {[%clk 0:16:32]} 11. O-O-O {[%clk 0:16:28]} Nf8
{[%clk 0:16:39]} 12. Kb1 {[%clk 0:16:16]} Be6 {[%clk 0:16:44]} 13. h3
{[%clk 0:15:17]} b5 {[%clk 0:16:37]} 14. Rhg1 {[%clk 0:14:13]} Qd7
{[%clk 0:14:40]} 15. g4 {[%clk 0:10:56]} h4 {[%clk 0:14:49]} 16. g5
{[%clk 0:10:32]} f5 {[%clk 0:14:56]} 17. d5 {[%clk 0:10:32]} Bxd5
{[%clk 0:13:56]} 18. Bxf5 {[%clk 0:10:29]} Qc7 {[%clk 0:13:09]} 19. Rg4
{[%clk 0:09:07]} Ng6 {[%clk 0:12:44]} 20. Nd4 {[%clk 0:07:55]} Ne5
{[%clk 0:07:40]} 21. Rxh4 {[%clk 0:06:46]} g6 {[%clk 0:07:49]} 22. Be4
{[%clk 0:06:28]} Bxe4 {[%clk 0:07:48]} 23. Rxe4 {[%clk 0:06:25]} a6
{[%clk 0:06:16]} 24. f4 {[%clk 0:05:18]} Nc4 {[%clk 0:06:17]} 25. Bc1
{[%clk 0:05:27]} c5 {[%clk 0:06:02]} 26. Ne2 {[%clk 0:04:30]} Bf8
{[%clk 0:06:09]} 27. h4 {[%clk 0:04:18]} Qc6 {[%clk 0:06:08]} 28. Ng3
{[%clk 0:04:21]} Rad8 {[%clk 0:04:31]} 29. Rde1 {[%clk 0:03:58]} Nd6
{[%clk 0:04:09]} 30. Rxe8 {[%clk 0:04:06]} Rxe8 {[%clk 0:04:18]} 31. Rxe8
{[%clk 0:04:15]} Qxe8 {[%clk 0:04:27]} 32. h5 {[%clk 0:04:06]} Qe1
{[%clk 0:04:36]} 33. Qd3 {[%clk 0:04:08]} c4 {[%clk 0:03:54]} 34. Qe3
{[%clk 0:04:09]} Qxe3 {[%clk 0:04:01]} 35. Bxe3 {[%clk 0:04:18]} gxh5
{[%clk 0:04:10]} 36. Nxh5 {[%clk 0:04:22]} Nf5 {[%clk 0:04:20]} 37. Bd4
{[%clk 0:03:31]} Kh7 {[%clk 0:04:16]} 38. Nf6+ {[%clk 0:03:39]} Kg6
{[%clk 0:04:23]} 39. Nd7 {[%clk 0:03:47]} Bd6 {[%clk 0:04:29]} 40. Be5
{[%clk 0:03:52]} Be7 {[%clk 0:03:32]} 41. b3 {[%clk 0:04:01]} Ne3
{[%clk 0:03:15]} 42. Bd4 {[%clk 0:04:05]} Nd5 {[%clk 0:03:24]} 43. Ne5+
{[%clk 0:04:07]} Kf5 {[%clk 0:03:33]} 44. bxc4 {[%clk 0:04:06]} bxc4
{[%clk 0:03:42]} 45. Nxf7 {[%clk 0:03:55]} Nxf4 {[%clk 0:03:50]} 46. Kc2
{[%clk 0:03:38]} Ne6 {[%clk 0:03:51]} 47. Be3 {[%clk 0:03:33]} Bxg5
{[%clk 0:02:28]} 48. Bxg5 {[%clk 0:03:37]} Nxg5 {[%clk 0:02:34]} 49. Nd6+
{[%clk 0:03:21]} Ke5 {[%clk 0:02:38]} 50. Nxc4+ {[%clk 0:03:29]} Kd5
{[%clk 0:02:46]} 51. Kb3 {[%clk 0:03:34]} Kc5 {[%clk 0:02:54]} 52. Nb2
{[%clk 0:03:37]} Ne4 {[%clk 0:03:01]} 53. Nd3+ {[%clk 0:03:40]} Kb5
{[%clk 0:03:08]} 54. c4+ {[%clk 0:03:46]} Kb6 {[%clk 0:03:14]} 55. a3
{[%clk 0:03:38]} a5 {[%clk 0:03:16]} 56. Kc2 {[%clk 0:03:21]} Kc6
{[%clk 0:03:12]} 57. Kb3 {[%clk 0:03:09]} Kb6 {[%clk 0:03:17]} 58. Nf4
{[%clk 0:03:10]} Kc5 {[%clk 0:03:17]} 59. Ne6+ {[%clk 0:03:18]} Kd6
{[%clk 0:03:22]} 60. Nd4 {[%clk 0:02:51]} Kc5 {[%clk 0:03:30]} 61. Nf3
{[%clk 0:02:30]} a4+ {[%clk 0:03:30]} 62. Kxa4 {[%clk 0:02:26]} Kxc4
{[%clk 0:03:38]} 63. Ka5 {[%clk 0:02:22]} Kb3 {[%clk 0:03:44]} 64. a4
{[%clk 0:02:28]} Nc5 {[%clk 0:03:49]} 65. Nd4+ {[%clk 0:02:30]} Kc4
{[%clk 0:03:55]} 66. Nf5 {[%clk 0:02:30]} Nxa4 {[%clk 0:04:03]} 67. Kxa4
{[%clk 0:02:39]} Kd4 1/2-1/2

[Event "Team Championship Russia (Rapid, Men)"]
[Site "Sochi"]
[Date "2018.10.08"]
[Round "3.9"]
[White "Alekseenko, Kirill"]
[Black "Artemiev, Vladislav"]
[Result "0-1"]
[BlackElo "2764"]
[WhiteElo "2668"]
[LiveChessVersion "1.4.8"]

1. e4 {[%clk 0:15:17]} c5 {[%clk 0:15:17]} 2. Nf3 {[%clk 0:15:23]} d6
{[%clk 0:15:26]} 3. d4 {[%clk 0:15:28]} cxd4 {[%clk 0:15:33]} 4. Nxd4
{[%clk 0:15:35]} Nf6 {[%clk 0:15:41]} 5. Nc3 {[%clk 0:15:43]} a6 {[%clk 0:15:49]}
6. h3 {[%clk 0:15:17]} e6 {[%clk 0:15:46]} 7. g4 {[%clk 0:15:19]} h6
{[%clk 0:15:54]} 8. Bg2 {[%clk 0:14:57]} Be7 {[%clk 0:15:33]} 9. Be3
{[%clk 0:14:45]} Nc6 {[%clk 0:15:40]} 10. Qe2 {[%clk 0:14:37]} Nxd4
{[%clk 0:15:25]} 11. Bxd4 {[%clk 0:14:43]} e5 {[%clk 0:15:32]} 12. Be3
{[%clk 0:14:46]} b5 {[%clk 0:15:40]} 13. O-O {[%clk 0:13:06]} b4 {[%clk 0:14:14]}
14. Na4 {[%clk 0:12:40]} Bd7 {[%clk 0:14:14]} 15. Nb6 {[%clk 0:10:00]} Bb5
{[%clk 0:14:22]} 16. Nc4 {[%clk 0:10:00]} Rc8 {[%clk 0:13:59]} 17. b3
{[%clk 0:10:08]} Qc7 {[%clk 0:13:56]} 18. Rfc1 {[%clk 0:07:49]} O-O
{[%clk 0:13:41]} 19. c3 {[%clk 0:07:11]} Bxc4 {[%clk 0:13:43]} 20. bxc4
{[%clk 0:07:07]} bxc3 {[%clk 0:12:45]} 21. Rxc3 {[%clk 0:07:11]} Nd7
{[%clk 0:12:54]} 22. c5 {[%clk 0:06:32]} Qa5 {[%clk 0:11:12]} 23. Rac1
{[%clk 0:05:07]} Nxc5 {[%clk 0:11:20]} 24. Bxc5 {[%clk 0:04:56]} Rxc5
{[%clk 0:11:10]} 25. Rxc5 {[%clk 0:05:02]} dxc5 {[%clk 0:11:19]} 26. Bf1
{[%clk 0:05:11]} Rd8 {[%clk 0:07:55]} 27. Qxa6 {[%clk 0:05:06]} Qd2
{[%clk 0:08:02]} 28. Qc4 {[%clk 0:04:30]} h5 {[%clk 0:05:58]} 29. Rc2
{[%clk 0:04:01]} Qh6 {[%clk 0:05:37]} 30. Qe2 {[%clk 0:03:35]} hxg4
{[%clk 0:05:40]} 31. hxg4 {[%clk 0:03:38]} Bg5 {[%clk 0:05:11]} 32. Qf3
{[%clk 0:03:23]} Bf4 {[%clk 0:05:18]} 33. Be2 {[%clk 0:02:41]} Qb6
{[%clk 0:03:15]} 34. Kg2 {[%clk 0:02:36]} g6 {[%clk 0:02:37]} 35. Qb3
{[%clk 0:02:24]} Qc6 {[%clk 0:02:26]} 36. Qc4 {[%clk 0:01:30]} Kg7
{[%clk 0:02:34]} 37. Bf3 {[%clk 0:01:27]} Qf6 {[%clk 0:02:08]} 38. Qxc5
{[%clk 0:01:10]} Qh4 {[%clk 0:02:15]} 39. Kf1 {[%clk 0:00:58]} Rd3
{[%clk 0:00:43]} 40. Ke2 {[%clk 0:00:52]} Qd8 {[%clk 0:00:52]} 41. a4
{[%clk 0:00:33]} Rd1 {[%clk 0:00:36]} 42. Qc4 {[%clk 0:00:30]} Ra1
{[%clk 0:00:38]} 43. Qd5 {[%clk 0:00:37]} Qb6 {[%clk 0:00:41]} 44. Qb5
{[%clk 0:00:14]} Qd4 {[%clk 0:00:50]} 45. Qd5 {[%clk 0:00:21]} Qb4
{[%clk 0:01:00]} 46. Bg2 {[%clk 0:00:13]} Re1+ {[%clk 0:01:01]} 0-1

[Event "Team Championship Russia (Rapid, Men)"]
[Site "Sochi"]
[Date "2018.10.08"]
[Round "3.11"]
[White "Romanov, Evgeny"]
[Black "Timofeev, Artyom"]
[Result "1/2-1/2"]
[BlackElo "2636"]
[WhiteElo "2527"]
[LiveChessVersion "1.4.8"]

1. d4 {[%clk 0:15:19]} d5 {[%clk 0:15:18]} 2. Nf3 {[%clk 0:15:21]} Nf6
{[%clk 0:15:25]} 3. c4 {[%clk 0:15:29]} dxc4 {[%clk 0:15:33]} 4. e3
{[%clk 0:15:28]} e6 {[%clk 0:15:40]} 5. Bxc4 {[%clk 0:15:36]} c5 {[%clk 0:15:48]}
6. O-O {[%clk 0:15:37]} a6 {[%clk 0:15:56]} 7. a4 {[%clk 0:15:36]} Nc6
{[%clk 0:15:53]} 8. Nc3 {[%clk 0:15:43]} Be7 {[%clk 0:15:50]} 9. Qe2
{[%clk 0:15:47]} cxd4 {[%clk 0:12:55]} 10. Nxd4 {[%clk 0:14:39]} Bd7
{[%clk 0:12:43]} 11. Rd1 {[%clk 0:14:40]} Qc7 {[%clk 0:12:49]} 12. Nxc6
{[%clk 0:14:14]} Bxc6 {[%clk 0:12:53]} 13. e4 {[%clk 0:13:58]} O-O
{[%clk 0:12:09]} 14. e5 {[%clk 0:13:16]} Nd7 {[%clk 0:12:14]} 15. Bf4
{[%clk 0:13:20]} Nb6 {[%clk 0:10:17]} 16. Bd3 {[%clk 0:12:45]} Rfd8
{[%clk 0:09:46]} 17. Ne4 {[%clk 0:11:28]} Nd5 {[%clk 0:09:31]} 18. Bg3
{[%clk 0:11:06]} Qb6 {[%clk 0:08:26]} 19. Nd6 {[%clk 0:10:32]} g6
{[%clk 0:07:35]} 20. Be4 {[%clk 0:07:32]} Qb4 {[%clk 0:07:31]} 21. Rdc1
{[%clk 0:07:09]} Rd7 {[%clk 0:04:57]} 22. Rc4 {[%clk 0:06:59]} Qb6
{[%clk 0:05:05]} 23. b4 {[%clk 0:06:21]} f5 {[%clk 0:04:19]} 24. exf6
{[%clk 0:03:15]} Bxd6 {[%clk 0:04:07]} 25. Bxg6 {[%clk 0:03:22]} hxg6
{[%clk 0:03:09]} 26. Qxe6+ {[%clk 0:03:30]} Rf7 {[%clk 0:03:17]} 27. Rg4
{[%clk 0:03:02]} Bxg3 {[%clk 0:02:40]} 28. Rxg6+ {[%clk 0:03:06]} Kf8
{[%clk 0:02:49]} 29. hxg3 {[%clk 0:03:12]} Qd8 {[%clk 0:01:47]} 30. Rh6
{[%clk 0:00:40]} Nxf6 {[%clk 0:00:30]} 31. Rh8+ {[%clk 0:00:44]} Ng8
{[%clk 0:00:39]} 32. Qg6 {[%clk 0:00:46]} Rg7 {[%clk 0:00:44]} 33. Qf5+
{[%clk 0:00:54]} Rf7 {[%clk 0:00:52]} 34. Qg6 {[%clk 0:01:03]} Rg7
{[%clk 0:01:01]} 35. Qf5+ {[%clk 0:01:08]} Rf7 {[%clk 0:00:51]} 1/2-1/2

[Event "Team Championship Russia (Rapid, Men)"]
[Site "Sochi"]
[Date "2018.10.08"]
[Round "3.14"]
[White "Dilmukhametov, Artur"]
[Black "Bocharov, Dmitry"]
[Result "0-1"]
[BlackElo "2568"]
[WhiteElo "2332"]
[LiveChessVersion "1.4.8"]

1. d4 {[%clk 0:15:18]} Nf6 {[%clk 0:15:17]} 2. Nc3 {[%clk 0:15:25]} d5
{[%clk 0:15:21]} 3. Bf4 {[%clk 0:15:30]} a6 {[%clk 0:15:25]} 4. e3
{[%clk 0:15:37]} e6 {[%clk 0:15:30]} 5. g4 {[%clk 0:15:32]} c5 {[%clk 0:15:35]}
6. g5 {[%clk 0:15:34]} Nfd7 {[%clk 0:15:43]} 7. h4 {[%clk 0:14:13]} Nc6
{[%clk 0:15:48]} 8. Nge2 {[%clk 0:14:16]} b5 {[%clk 0:15:43]} 9. e4
{[%clk 0:12:59]} Nb6 {[%clk 0:10:01]} 10. Bg2 {[%clk 0:10:53]} Bb7
{[%clk 0:08:32]} 11. exd5 {[%clk 0:10:12]} Nb4 {[%clk 0:07:56]} 12. dxc5
{[%clk 0:08:49]} Bxc5 {[%clk 0:08:02]} 13. Ne4 {[%clk 0:08:20]} Bxd5
{[%clk 0:07:59]} 14. a3 {[%clk 0:08:03]} Bxe4 {[%clk 0:06:11]} 15. Bxe4
{[%clk 0:07:55]} N4d5 {[%clk 0:06:19]} 16. Be5 {[%clk 0:07:25]} O-O
{[%clk 0:06:12]} 17. Qd3 {[%clk 0:07:12]} Nc4 {[%clk 0:06:20]} 18. Bd4
{[%clk 0:05:31]} Bxd4 {[%clk 0:04:10]} 19. Qxd4 {[%clk 0:05:35]} Qa5+
{[%clk 0:02:39]} 20. Nc3 {[%clk 0:02:20]} Rad8 {[%clk 0:02:17]} 21. Bxd5
{[%clk 0:02:05]} Rxd5 {[%clk 0:02:22]} 22. b4 {[%clk 0:01:46]} Rxd4
{[%clk 0:02:24]} 23. bxa5 {[%clk 0:01:55]} Nxa5 {[%clk 0:02:26]} 24. Ne2
{[%clk 0:01:44]} Rc4 {[%clk 0:02:28]} 25. c3 {[%clk 0:01:50]} Rd8
{[%clk 0:02:36]} 26. Rd1 {[%clk 0:01:30]} Rxd1+ {[%clk 0:02:43]} 27. Kxd1
{[%clk 0:01:39]} Ra4 {[%clk 0:02:37]} 28. Kc2 {[%clk 0:01:34]} Kf8
{[%clk 0:02:46]} 29. Rd1 {[%clk 0:01:14]} Ke7 {[%clk 0:02:48]} 30. Nd4
{[%clk 0:01:14]} Rxa3 {[%clk 0:02:45]} 31. Kb2 {[%clk 0:01:17]} Ra4
{[%clk 0:02:44]} 32. f4 {[%clk 0:01:21]} g6 {[%clk 0:02:41]} 33. h5
{[%clk 0:01:24]} gxh5 {[%clk 0:02:19]} 34. Rh1 {[%clk 0:01:30]} Nc4+
{[%clk 0:02:09]} 35. Kb3 {[%clk 0:01:33]} Nd2+ {[%clk 0:02:05]} 36. Kc2
{[%clk 0:01:35]} Ne4 {[%clk 0:02:13]} 37. Rxh5 {[%clk 0:01:35]} Rc4
{[%clk 0:02:18]} 38. Ne2 {[%clk 0:01:33]} Nxc3 {[%clk 0:02:00]} 39. Nxc3
{[%clk 0:01:41]} b4 {[%clk 0:02:01]} 40. Kb3 {[%clk 0:01:32]} Rxc3+
{[%clk 0:02:05]} 41. Kxb4 {[%clk 0:01:41]} Rf3 {[%clk 0:02:13]} 42. Rh4
{[%clk 0:01:24]} Kd6 {[%clk 0:02:16]} 43. Kc4 {[%clk 0:01:23]} a5
{[%clk 0:02:04]} 44. Kb5 {[%clk 0:01:09]} Kd5 {[%clk 0:02:07]} 45. Kxa5
{[%clk 0:01:17]} Ke4 {[%clk 0:02:14]} 46. Kb6 {[%clk 0:01:01]} Rxf4
{[%clk 0:02:22]} 47. Rxh7 {[%clk 0:01:09]} Kd4 {[%clk 0:02:25]} 48. Rg7
{[%clk 0:00:17]} e5 {[%clk 0:02:31]} 49. g6 {[%clk 0:00:25]} fxg6
{[%clk 0:02:40]} 50. Rxg6 {[%clk 0:00:34]} e4 {[%clk 0:02:44]} 51. Rd6+
{[%clk 0:00:36]} Ke3 {[%clk 0:02:41]} 52. Kc5 {[%clk 0:00:40]} Ke2
{[%clk 0:02:47]} 53. Kd5 {[%clk 0:00:34]} e3 {[%clk 0:02:52]} 54. Ke5
{[%clk 0:00:43]} Ra4 {[%clk 0:02:57]} 55. Rb6 {[%clk 0:00:51]} Kf2
{[%clk 0:03:03]} 56. Kd5 0-1

[Event "Team Championship Russia (Rapid, Men)"]
[Site "Sochi"]
[Date "2018.10.08"]
[Round "3.15"]
[White "Maletin, Pavel"]
[Black "Inozemtsev, Sergei"]
[Result "1-0"]
[BlackElo "2348"]
[WhiteElo "2570"]
[LiveChessVersion "1.4.8"]

1. c4 {[%clk 0:15:19]} Nf6 {[%clk 0:15:10]} 2. g3 {[%clk 0:15:27]} e6
{[%clk 0:15:10]} 3. Bg2 {[%clk 0:15:35]} d5 {[%clk 0:14:00]} 4. Nf3
{[%clk 0:15:44]} c5 {[%clk 0:12:33]} 5. O-O {[%clk 0:15:35]} dxc4
{[%clk 0:12:18]} 6. Na3 {[%clk 0:15:43]} Nc6 {[%clk 0:11:53]} 7. Nxc4
{[%clk 0:15:51]} Be7 {[%clk 0:11:59]} 8. b3 {[%clk 0:15:59]} O-O {[%clk 0:12:04]}
9. Bb2 {[%clk 0:16:07]} a6 {[%clk 0:10:22]} 10. d4 {[%clk 0:15:58]} Bd7
{[%clk 0:05:45]} 11. dxc5 {[%clk 0:15:46]} Bxc5 {[%clk 0:05:49]} 12. Nfe5
{[%clk 0:12:23]} Rc8 {[%clk 0:05:43]} 13. Nxd7 {[%clk 0:10:53]} Qxd7
{[%clk 0:05:19]} 14. Qxd7 {[%clk 0:10:49]} Nxd7 {[%clk 0:05:27]} 15. Rfd1
{[%clk 0:10:58]} Ndb8 {[%clk 0:04:17]} 16. Nd6 {[%clk 0:09:19]} Bxd6
{[%clk 0:04:16]} 17. Rxd6 {[%clk 0:09:28]} Rfd8 {[%clk 0:04:23]} 18. Rad1
{[%clk 0:09:25]} Rxd6 {[%clk 0:04:19]} 19. Rxd6 {[%clk 0:09:34]} Rd8
{[%clk 0:04:20]} 20. Rxd8+ {[%clk 0:09:36]} Nxd8 {[%clk 0:04:29]} 21. f4
{[%clk 0:09:42]} Ndc6 {[%clk 0:04:03]} 22. Kf2 {[%clk 0:09:45]} f6
{[%clk 0:04:05]} 23. Ke3 {[%clk 0:09:41]} Kf7 {[%clk 0:04:08]} 24. g4
{[%clk 0:09:17]} h6 {[%clk 0:03:40]} 25. h4 {[%clk 0:09:22]} Nd7 {[%clk 0:03:21]}
26. Bc3 {[%clk 0:08:58]} Ke7 {[%clk 0:03:19]} 27. Kd2 {[%clk 0:07:48]} Kd6
{[%clk 0:02:53]} 28. e3 {[%clk 0:07:32]} Nb6 {[%clk 0:01:40]} 29. a3
{[%clk 0:07:17]} Nd5 {[%clk 0:01:36]} 30. Be4 {[%clk 0:05:44]} Nxc3
{[%clk 0:01:24]} 31. Kxc3 {[%clk 0:05:52]} g5 {[%clk 0:01:26]} 32. hxg5
{[%clk 0:05:54]} hxg5 {[%clk 0:01:33]} 33. Bxc6 {[%clk 0:05:00]} bxc6
{[%clk 0:00:55]} 34. fxg5 {[%clk 0:04:31]} fxg5 {[%clk 0:01:04]} 35. Kd4
{[%clk 0:04:40]} c5+ {[%clk 0:00:20]} 36. Ke4 {[%clk 0:04:44]} Kd7
{[%clk 0:00:23]} 37. Ke5 {[%clk 0:04:44]} Ke7 {[%clk 0:00:31]} 38. e4
{[%clk 0:04:39]} Kd7 {[%clk 0:00:23]} 39. Kf6 {[%clk 0:04:35]} Kd6
{[%clk 0:00:32]} 40. Kxg5 {[%clk 0:04:41]} Ke5 {[%clk 0:00:41]} 41. Kh6
{[%clk 0:04:43]} a5 {[%clk 0:00:26]} 42. a4 {[%clk 0:04:39]} Kd4 {[%clk 0:00:27]}
43. g5 {[%clk 0:04:48]} Kc3 {[%clk 0:00:36]} 44. g6 {[%clk 0:04:57]} Kxb3
{[%clk 0:00:46]} 45. g7 {[%clk 0:05:06]} c4 {[%clk 0:00:55]} 46. g8=Q
{[%clk 0:05:12]} c3 {[%clk 0:01:04]} 47. Qxe6+ {[%clk 0:05:19]} Kb2
{[%clk 0:01:13]} 48. Qb6+ {[%clk 0:05:25]} Kc1 {[%clk 0:01:22]} 49. Qxa5
{[%clk 0:05:30]} c2 {[%clk 0:01:31]} 50. Qc3 {[%clk 0:05:38]} Kd1
{[%clk 0:01:40]} 51. Qxc2+ {[%clk 0:05:47]} Kxc2 1-0